Smallest Country to Win An Olympic Medal at Every Olympics - Statistics

General Stats
  • This quiz has been taken 1,256 times
  • The average score is 15 of 30
Answer Stats
Year Population 🥇 🥈 🥉 Country % Correct
1900 252 k 1 0 0 Luxembourg
79%
1920 261 k 0 1 0 Luxembourg
79%
1952 299 k 1 0 0 Luxembourg
79%
2020 35 k 0 1 2 San Marino
75%
2008 189 k 0 1 0 Samoa
64%
2024 66 k 1 0 0 Dominica
62%
2000 263 k 0 0 1 Barbados
61%
1996 100 k 0 1 0 Tonga
61%
1948 600 k 0 1 0 Trinidad and Tobago
61%
1956 96 k 0 0 1 Bahamas
59%
1964 138 k 1 0 0 Bahamas
59%
1992 283 k 0 0 1 Bahamas
59%
2004 338 k 1 0 1 Bahamas
59%
2012 112 k 1 0 0 Grenada
59%
2016 115 k 0 1 0 Grenada
59%
1984 238 k 0 0 1 Iceland
56%
1896 1.3 m 10 18 19 Greece
51%
1904 1.3 m 1 0 1 Greece
51%
1908 1.3 m 0 3 1 Greece
51%
1960 1.6 m 0 1 0 Singapore
50%
1924 1.1 m 1 1 4 Estonia
40%
1928 1.1 m 2 1 2 Estonia
40%
1936 1.1 m 2 2 3 Estonia
40%
1932 1.5 m 0 1 0 New Zealand
30%
1980 773 k 0 0 1 Guyana
29%
1912 2.3 m 3 2 5 Norway
25%
1976 55 k 0 0 1 Bermuda
17%
1968 1.2 m 0 1 3 Mongolia
12%
1972 1.3 m 0 1 0 Mongolia
12%
1988 100 k 0 1 0 U.S Virgin Islands
10%
No matching quizzes found
Score Distribution
Percent of People with Each Score
Percentile by Number Answered
Your Score History
You have not taken this quiz